Generátory náhodných čísel pre IoT
Na minha lista:
| Autor principal: | |
|---|---|
| Outros Autores: | |
| Formato: | Manuscrito Livro |
| Idioma: | eslovaco |
| Publicado em: |
2025
|
| Assuntos: | |
| Acesso em linha: | http://is.stuba.sk/zp/portal_zp.pl?podrobnosti=185409 |
| Tags: |
Sem tags, seja o primeiro a adicionar uma tag!
|
MARC
| LEADER | 00000ntm a22000003a 4500 | ||
|---|---|---|---|
| 001 | stuzp102053 | ||
| 003 | SK-STU | ||
| 005 | 20250614210926.9 | ||
| 007 | ta | ||
| 008 | 150427s2015----xo-----f-mn---000-0-slo-d | ||
| 040 | |a STU |b slo | ||
| 041 | 0 | |a slo | |
| 100 | 1 | |a Kačo, Adam |u 035000 |4 aut |U FEI Fakulta elektrotechniky a informatiky |T FEI Ústav informatiky a matematiky |X 128504 |U E050 |Y 816 |7 128504 | |
| 242 | 0 | 1 | |a Random number generators for IoT |y eng |
| 245 | 1 | 0 | |a Generátory náhodných čísel pre IoT |
| 260 | |c 2025 | ||
| 650 | 4 | |a NIST 800-22 |2 eng | |
| 650 | 4 | |a Mersenne Twister |2 eng | |
| 650 | 4 | |a Xorshift |2 eng | |
| 650 | 4 | |a NIST 800-90B |2 eng | |
| 650 | 4 | |a entropy source |2 eng | |
| 650 | 4 | |a Fortuna |2 eng | |
| 650 | 4 | |a pseudorandom generator |2 eng | |
| 650 | 4 | |a NIST 800-90B |2 slo | |
| 650 | 4 | |a zdroj entropie |2 slo | |
| 650 | 4 | |a pseudonáhodný generátor |2 slo | |
| 650 | 4 | |a Fortuna |2 slo | |
| 650 | 4 | |a Xorshift |2 slo | |
| 650 | 4 | |a NIST 800-22 |2 slo | |
| 650 | 4 | |a Mersenne Twister |2 slo | |
| 700 | 1 | |a Gallo, Ondrej |u 035000 |k Z1 |4 ths |U FEI Fakulta elektrotechniky a informatiky |T FEI Ústav informatiky a matematiky |X 27473 |U E050 |Y 816 |7 A000027473 | |
| 856 | 4 | |u http://is.stuba.sk/zp/portal_zp.pl?podrobnosti=185409 | |